K současnému stavu metodologie údržby a obnovy stavebních památek

Saved in:
Bibliographic Details
Main Author: Štulc, Josef (Author)
Format: Book
Language:Czech
Tags: Add Tag
No Tags, Be the first to tag this record!

MARC

LEADER 00000nam a22000003a 4500
001 stu12011
005 20150617225700.8
008 951123s----------------------------cze-d
040 |a STU  |b slo 
041 0 |a cze 
100 1 |a Štulc, Josef  |4 aut 
245 1 |a K současnému stavu metodologie údržby a obnovy stavebních památek 
300 |a nestr 
996 |b 284AS02601  |c A*2305 S  |l AAKNAR  |s A  |a 24  |w stu12011_0001